| 000 | 00998nam a2200325 a 4500 | ||
|---|---|---|---|
| 001 | vtls000102095 | ||
| 003 | NLI | ||
| 005 | 20210601201757.0 | ||
| 008 | 101125s1954 enkf 001 0 eng | ||
| 020 | _cRs. 35.00 | ||
| 039 | 9 |
_y201011251137 _zVLOAD |
|
| 040 |
_aNLI _beng _cDataSoft _eAACR2 |
||
| 041 | 0 | _aeng | |
| 044 | _aenk | ||
| 082 | 0 | 4 | _a299.15 |
| 100 | 1 |
_aBoyce, Mary _9214796 |
|
| 245 | 1 | 4 |
_aThe Manichaean hymn-cycles in Parthian / _cMary Boyce |
| 260 |
_aLondon : _bGeoffrey Cumperlege, O. U. P., _c1954 |
||
| 300 |
_avii, 199 p. : _bplates ; _c22 cm. |
||
| 440 | 0 |
_aSchool of Oriental and African studies, University of London _pLondon Oriental series ; _v3 _9214797 |
|
| 500 | _aIncludes index | ||
| 650 | 0 |
_aManichaeism _xHymns _9214798 |
|
| 650 | 0 |
_aHymns, Parthian _9214799 |
|
| 650 | 0 |
_aReligions _94649 |
|
| 887 | _a | ||
| 901 |
_a369626 _b07.01.1965 |
||
| 902 | _aE299.15 B692 | ||
| 949 |
_AVIRTUAITEM _D10000 _X100 _6PUR000369626ENG |
||
| 942 |
_2ddc _cBKS |
||
| 999 |
_aVIRTUA00 _c106295 _d106295 |
||